00459nam a2200145Ia 4500008004100000041001200041082001900053100001900072245003200091260003000123300001300153942000700166999001900173952012100192231217s9999 xx 000 0 und d aEnglish a001.61 AWA;14 aAwad, Elias M. 0aSystems analysis and design c2001bGalgotiaaNew Delhi axiv, 524 cAA c199614d199614 r2024-01-26 00:00:00l0o001.61 AWA;14p93386w2024-01-26yAA1040708CL00aMLbMLcCLd2020-11-11EMCAGRSF1V0